• 首页
  • 本馆介绍
  • 公告通知
  • 最新文献
  • 馆藏检索
  • 电子资源
  • 读者导购
  • 参考咨询
  • 我的图书馆
  • 登录
  • 详细信息显示
  • 放入我的书架
  • 预约/预借图书
  • 作者相关作品
  • 分类相关作品
  • 丛书相关作品
  • 出版社相关作品

书目信息

  • 表格格式
  • 工作单格式
  • 卡片格式
题名:
中华人民共和国分省地图集
    
 
作者: ;地图出版社 编制
分册:  
出版信息: 北京   编者  1984
页数: 252页
开本: 26cm
丛书名:
单 册:
中图分类: K992.2
科图分类:
主题词: 地图集--中国
电子资源:
ISBN:
000 00603nam0 2200217 45
001 0184001137
005 20061120092941.04
010    @b精装@dCNY7.40
100    @a19960403d1984 em y0chiy0121 ea
101 0  @achi
102    @aCN@b110000
105    @ab z 000yy
200 10 @a中华人民共和国分省地图集@Azhong hua ren min gong he guo fen sheng di tu ji@f地图出版社编制
205    @a2版
210    @a北京@c编者@d1984
215    @a252页@d26cm
606    @a地图集@y中国
690    @aK992.2@v3
711 02 @a地图出版社@Adi tu chu ban she@4编制
801  0 @aCN@bTSSF@c20061120
905    @a10447@dK992.2@e14
    
    中华人民共和国分省地图集/地图出版社编制.-2版.-北京:编者,1984
    252页;26cm
    
    
    ISBN (精装):CNY7.40
    
●
相关链接 在E读中查询图书 在五车中查询图书 在当当中查询图书 在豆瓣中查询图书


正题名:中华人民共和国分省地图集     索取号:K992.2/14         预约/预借

序号 登录号 条形码 馆藏地/架位号 状态 备注
1 0124363   202088187   第二样本阅览室/ [索取号:K992.2/14] 在馆    
唐山师范学院图书馆 欢迎您!
大连网信软件有限公司© 版权所有